Szczegóły MARC21

Integracja i tożsamość : [Zachodniopomorskie w przededniu rozszerzenia Unii Europejskiej : materiały I Kongresu Zachodniopomorskiego, 24-26 kwietnia 2003] : praca zbiorowa /

003 -Nazwa inst., której nr kontr. jest w polu 001 [,]
    • @
    • Nazwa instytucji, której n kontrolny jest w polu 001
    • NUKAT
005 -DATA I CZAS OSTATNIEJ MODYFIKACJI [,]
    • @
    • pole kontrolne
    • 20241231103627.0
020 -Międzynarod. znormalizowany nr książki - ISBN [ , ]
    • a
    • Numer ISBN
    • 839166824X Find
040 -Instytucja sporządzająca opis [ , ]
    • a
    • Instytucja, która sporządziła opis (NP)
    • WA M/ES
    • c
    • Instytucja, która sporządziła rekord (NP)
    • WA M/ES
    • d
    • Instytucja, która zmodyfikowała rekord (P)
    • WA M/IW
    • d
    • Instytucja, która zmodyfikowała rekord (P)
    • WA U/mgs
    • d
    • Instytucja, która zmodyfikowała rekord (P)
    • TOR U/IFs
942 -Rodzaj dokumentu [ , ]
    • c
    • Rodzaj dokumentu
    • Książka
111 -Hasło główne - nazwa imprezy [2, ]
    • a
    • Nazwa imprezy (NP)
    • Kongres Zachodniopomorski Find
    • n
    • Numer imprezy (P)
    • (1 ;
    • d
    • Data imprezy (NP)
    • 2003 ;
    • c
    • Miejsce imprezy (NP)
    • Szczecin).
    • 9
    • KHW
    • 614760
245 -Strefa tytułu i oznaczenia odpowiedzialności [1,0]
    • a
    • Tytuł
    • Integracja i tożsamość : Find
    • b
    • Ciąg dalszy tytułu (NP)
    • [Zachodniopomorskie w przededniu rozszerzenia Unii Europejskiej : materiały I Kongresu Zachodniopomorskiego, 24-26 kwietnia 2003] : praca zbiorowa / Find
    • c
    • Pozostałe elementy strefy tytułu i oznaczenia odpowiedzialności (NP)
    • pod red. Stanisława Flejterskiego, Janiny Jasnowskiej i Wojciecha Olejniczaka ; Fundacja Rozwoju Pomorza Zachodniego, [Sejmik Zachodniopomorski].
260 -Strefa adresu wydawniczego [ , ]
    • a
    • Miejsce wydania (P)
    • Szczecin :
    • b
    • Nazwa wydawcy (P)
    • FRPZ,
    • c
    • Data wydania (P)
    • 2003.
300 -Strefa opisu fizycznego [ , ]
    • a
    • Określenie formy książki i/lub objętość (NP)
    • 479 s. :
    • b
    • Oznaczenie ilustracji (NP)
    • mapy, portr., wykr. ;
    • c
    • Format (NP)
    • 24 cm.
336 -Typ zawartości [ , ]
    • a
    • Termin opisujący typ zawartości
    • Tekst
    • b
    • Kod określający zawartość
    • txt
    • 2
    • Źródło (terminu i kodu)
    • rdacontent
337 -Typ mediów [ , ]
    • a
    • Tryb odtwarzania
    • Bez urządzenia pośredniczącego
    • b
    • Kod typu mediów
    • n
    • 2
    • Źródło (terminu i kodu)
    • rdamedia
338 -Typ/rodzaj nośnika [ , ]
    • a
    • Hasło opisujące typ nośnika
    • Wolumin
    • b
    • Kod typu nośnika
    • nc
    • 2
    • Źródło (terminu i kodu)
    • rdacarrier
500 -Uwaga ogólna [ , ]
    • a
    • Uwaga ogólna (NP)
    • Podtyt. na okł.
504 -Uwaga dot. bibliogr. załącznikowej [ , ]
    • a
    • Uwaga dot. bibliografii załącznikowej
    • Bibliogr. przy pracach.
080 -Uniwersalna Klasyfikacja Dziesiętna [ , ]
    • 2
    • Identyfikator wydania tablic
    • UDC-PO58 ; UDC-P022
    • a
    • Symbol klasyfikacji
    • 332.1
    • b
    • Dopowiedzenie
    • Gospodarka regionalna. Gospodarka terytorialna. Gospodarka terenowa. Ekonomika terenowa. Regionalny podział pracy.
    • x
    • Poddział wspólny
    • (438)
    • b
    • Dopowiedzenie
    • Polska.
    • x
    • Poddział wspólny
    • "1989/..."
    • b
    • Dopowiedzenie
    • Od 1989 roku.
    • x
    • Poddział wspólny
    • (061)
    • b
    • Dopowiedzenie
    • Wydawnictwa odnoszące się do konferencji, zjazdów itd. Sprawozdania z konferencji.
610 -Hasło przedmiotowe w formie nazwy ciała zbiorowego [2,7]
    • a
    • Nazwa ciała zbiorowego lub nazwa geograficzna
    • Unia Europejska
    • z
    • Określnik geograficzny
    • Polska
    • v
    • Określnik formalny
    • konferencje.
    • 2
    • Źródło terminu
    • kaba
    • 9
    • KHW
    • 360626
651 -Hasło przedmiotowe w formie nazwy geograficznej [ ,7]
    • a
    • Nazwa geograficzna
    • Pomorze Zachodnie (Polska ; region)
    • x
    • Określnik rzeczowy
    • sytuacja gospodarcza
    • y
    • Określnik chronologiczny
    • 1990-
    • v
    • Określnik formalny
    • konferencje.
    • 2
    • Źródło terminu
    • kaba
    • 9
    • KHW
    • 452822
651 -Hasło przedmiotowe w formie nazwy geograficznej [ ,7]
    • a
    • Nazwa geograficzna
    • Pomorze Zachodnie (Polska ; region)
    • x
    • Określnik rzeczowy
    • sytuacja społeczna
    • y
    • Określnik chronologiczny
    • 1990-
    • v
    • Określnik formalny
    • konferencje.
    • 2
    • Źródło terminu
    • kaba
    • 9
    • KHW
    • 614900
980 -Symbol UKD [ , ]
    • a
    • UKD
    • 332.1(438)"1989/..."(061)
700 -Hasło dodatkowe - nazwa osobowa [1, ]
    • a
    • Nazwa osobowa (NP)
    • Flejterski, Stanisław Find
    • d
    • Daty biograficzne (NP)
    • (1948- ).
    • e
    • Określenie rodzaju współpracy
    • Red.
    • 9
    • KHW
    • 16
700 -Hasło dodatkowe - nazwa osobowa [1, ]
    • a
    • Nazwa osobowa (NP)
    • Jasnowska, Janina Find
    • d
    • Daty biograficzne (NP)
    • (1925-2021).
    • e
    • Określenie rodzaju współpracy
    • Red.
    • 9
    • KHW
    • 16973
700 -Hasło dodatkowe - nazwa osobowa [1, ]
    • a
    • Nazwa osobowa (NP)
    • Olejniczak, Wojciech Find
    • c
    • Dopowiedzenie inne niż daty biograficzne (NP)
    • (organizacja i zarządzanie).
    • e
    • Określenie rodzaju współpracy
    • Red.
    • 9
    • KHW
    • 8454
920 -ISBN [ , ]
    • a
    • ISBN
    • 83-916682-4-X Find
Status udost. Numer inwentarzowy Sygnatura Data inwentaryzacji Lokalizacja
1Z.108618 2007-05-29BG
1Z.109226 2007-09-03BG
-3HM.897 2021-12-06BNS
1SA.14294SA.142942006-03-28BSA
-2T.8903T.89032006-01-05T